00527nam a2200085Ia 4500008004100000245004900041300027300090650001600363856006200379170517s9999 xx 000 0 und d aGenetically Modified Food: Panacea or Poison aThe fact is, there has never been a single study on the human safety of these products. Any implication to the contrary is a pure fabrication. Make the corporate apologists produce a single study, and they can not. The important point is this. Among scientists, the... xTechnology. uhttp://topdocumentaryfilms.com/genetically-modified-food/